Highest Points in British National Parks - Statistics

General Stats
  • This quiz has been taken 7 times
  • The average score is 2 of 14
Answer Stats
Hint Answer Elevation % Correct
Lake District Scafell Pike 978m
50%
Cairngorms Ben Nevis 1,345m
33%
Peak District Kinder Scout 636m
33%
Snowdonia Snowdon 1,085m
33%
Dartmoor High Willhays 612m
17%
Brecon Beacons Pen y Fan 886m
17%
Northumberland The Cheviot 815m
17%
Yorkshire Dales Whernside 736m
17%
Loch Lomond & The Trossachs Ben More 1,174 m
0%
South Downs Butser Hill 271m
0%
Exmoor Dunkery Beacon 519m
0%
Pembrokeshire Coast Foel Cwmcerwyn 536m
0%
New Forest Pipers Wait 129m
0%
North York Moors Urra Moor 454m
0%
No matching quizzes found
Score Distribution
Percent of People with Each Score
Percentile by Number Answered
Your Score History
You have not taken this quiz